000 00752cam a22002533a 4500
001 1016
003 PGUSA
005 20140828082955.0
008 970801s1997||||xxu|||||s|||||000 | eng d
040 _aPGUSA
_beng
042 _adc
050 4 _aB
100 1 _aSpinoza, Benedictus de,
_d1632-1677
245 1 0 _aOn the Improvement of the Understanding
_h[electronic resource] /
_cBenedictus de Spinoza
260 _bProject Gutenberg,
_c1997
506 _aPublic domain in the USA.
516 _aElectronic text
653 _aFree thought
653 _aPhilosophy and religion
700 1 _aElwes, R. H. M.
_q(Robert Harvey Monro),
_d1853-
830 0 _aProject Gutenberg
_v1016
856 4 0 _uhttp://www.gutenberg.org/ebooks/1016
942 _cEB
999 _c230367
_d230367